| 000 | 01979nam a22002897a 4500 | ||
|---|---|---|---|
| 999 |
_c22006 _d22006 |
||
| 003 | AR-CdUCM | ||
| 008 | 190425b ||||| |||| 00| 0 spa d | ||
| 040 |
_aMUNICIPALIDAD PROVINCIAL DEL CUSCO _cBIBLIOTECA MUNICIPAL DEL CUSCO |
||
| 082 | _aAndinidad/N°1/1996 | ||
| 110 |
_aInstituto Nacional de Cultura Cusco _99277 |
||
| 245 |
_aAndinidad etnofolklore / _cInstituto Nacional de Cultura Cusco, Dirección de Producción para el Desarrollo Cultural |
||
| 260 |
_aCusco. _bMercantil, _c1996. |
||
| 300 |
_a261 páginas. : _c20 cm. |
||
| 440 |
_aAndinidad Etnofolklore _nN°1,1996 _947128 |
||
| 505 | _aContenido: El Folklore. Demetrio Roca Wallparimachi. -- Imaginería o escultura religiosa cusqueña. Teófilo Benavente. --Instrumentos musicales en el folklore regional del Cusco. Diomedes Oróz Villena. -- Un análisis metafórico del rol de la mujer y del varón en Calca. Jesús Washington Rozas Álvarez. -- Cultura y Artesanía. Abraham Valencia E. -- La medicina popular en Chinchero. Arminda M. Gibaja O. -- Apuntes sobre la significación actual de la festividad de la Virgen del Carmen en Paucartambo. Julinho Zapata Rodríguez. -- Los pastores Inka. Trinidad Aguilar M. -- Rituales y música del Kacharpari. Tatiana Valencia B. -- El Cristo cusqueño en la cultura popular. Rossano Calvo C. -- Inka iglesia Wasichakuy (Techado del Templo Inka). Florentino Champi C. -- El maíz alimento esencial de Punarunas y de las deidades andinas. Héctor Espinoza Martínez. La fiesta popular. Eldi Flores Nájar. | ||
| 650 |
_aCultura andina _947129 |
||
| 650 |
_aFolklore _947130 |
||
| 650 |
_aMedicina popular _96958 |
||
| 650 |
_aEtnomusicología _945772 |
||
| 650 |
_aReligiosidad andina _944127 |
||
| 700 |
_aRoca Wallparimachi. Demetrio _96182 |
||
| 700 |
_aRozas Álvarez, Washington _947131 |
||
| 700 |
_aEspinoza Martínez, Héctor _947132 |
||
| 856 |
_uhttp://bvirtual.culturacusco.gob.pe/items/show/62 _zLeer en digital |
||
| 942 |
_2ddc _cPP |
||
| 945 | _arac | ||